Coping with foot and mouth (Record no. 67124)

MARC details
000 -LEADER
fixed length control field 01375cam a2200253 4500
001 - CONTROL NUMBER
control field ABS63940
008 - FIXED-LENGTH DATA ELEMENTS--GENERAL INFORMATION
fixed length control field 000000n2001 000 0 eng u
035 ## - SYSTEM CONTROL NUMBER
System control number (Sirsi) u112734
100 ## - MAIN ENTRY--PERSONAL NAME
Personal name Button, R
245 ## - TITLE STATEMENT
Title Coping with foot and mouth
260 ## - PUBLICATION, DISTRIBUTION, ETC.
Date of publication, distribution, etc. 2001
490 ## - SERIES STATEMENT
Series statement CSM
-- Chartered Surveyor Monthly
Volume/sequential designation (5) May 2001, 33(1)
520 ## - SUMMARY, ETC.
Summary, etc. Describes how the recent foot and mouth crisis and subsequent access restrictions have implications for contractors fulfilling their contractual obligations. Considers the powers of local authorities outlined in the Foot and Mouth Disease Order 1983 (as amended in 2001), and examines their impact on the contractual arrangements in standard forms of contracts. Suggests that a conflict exists between many of the contracts and the statutory requirements, making work more expensive and the contractor potentially at risk for extra costs. A table detailing relevant provisions in standard forms of contract is available at http://www.ricsonline.org/info_centre/csm/articleresult.htm?count=206.
590 ## - LOCAL NOTE (RLIN)
Local note ABS
650 ## - SUBJECT ADDED ENTRY--TOPICAL TERM
Topical term or geographic name entry element FOOT-AND-MOUTH DISEASE
650 ## - SUBJECT ADDED ENTRY--TOPICAL TERM
Topical term or geographic name entry element CONTRACTORS
650 ## - SUBJECT ADDED ENTRY--TOPICAL TERM
Topical term or geographic name entry element STANDARD FORM OF CONTRACT
650 ## - SUBJECT ADDED ENTRY--TOPICAL TERM
Topical term or geographic name entry element ACCESS TO LAND
650 ## - SUBJECT ADDED ENTRY--TOPICAL TERM
Topical term or geographic name entry element RURAL LAND
650 ## - SUBJECT ADDED ENTRY--TOPICAL TERM
Topical term or geographic name entry element FOOT AND MOUTH DISEASE ORDER 2001
650 ## - SUBJECT ADDED ENTRY--TOPICAL TERM
Topical term or geographic name entry element RESTRICTIONS
690 ## - LOCAL SUBJECT ADDED ENTRY--TOPICAL TERM (OCLC, RLIN)
Topical term or geographic name as entry element BUILT ENVIRONMENT-BUILDING CONTRACT FORMS
942 ## - ADDED ENTRY ELEMENTS (KOHA)
Suppress in OPAC 0
Holdings
Withdrawn status Lost status Source of classification or shelving scheme Damaged status Not for loan Home library Current library Shelving location Date acquired Total Checkouts Full call number Barcode Date last seen Copy number Price effective from Koha item type
    Dewey Decimal Classification     London London Journal article 23/05/2001   ABS63940 112734-1001 06/08/2019 1 06/08/2019 Journal article